|
|
|
|
| LEADER |
00000n m0a2200000 4500 |
| 001 |
304296 |
| 005 |
20231102001704.0 |
| 020 |
|
|
|a RU
|b 83-34976
|
| 035 |
|
|
|a (RuTPU)RU\TPU\book\329531
|
| 090 |
|
|
|a 304296
|
| 100 |
|
|
|a 20150911d1982 m y0rusy5003 ca
|
| 101 |
0 |
|
|a rus
|
| 102 |
|
|
|a RU
|
| 105 |
|
|
|a a j 001zy
|
| 200 |
1 |
|
|a Технологические расчеты по промывке и очистке сульфитной и бисульфитной целлюлозы
|e учебное пособие для вузов
|f Ю. Г. Бутко, Ю. А. Пелевин
|g Ленинградский технологический институт целлюлозно-бумажной промышленности (ЛТИ ЦБП)
|
| 210 |
|
|
|a Ленинград
|c ЛТИЦБП
|d 1982
|
| 215 |
|
|
|a 102 с.
|c ил.
|
| 320 |
|
|
|a Библиогр.: с. 101
|
| 606 |
1 |
|
|a Сульфатцеллюлозное производство
|2 stltpush
|3 (RuTPU)RU\TPU\subj\58265
|9 76070
|
| 610 |
1 |
|
|a целлюлоза
|
| 610 |
1 |
|
|a очистка
|
| 610 |
1 |
|
|a промывка
|
| 610 |
1 |
|
|a расчеты
|
| 610 |
1 |
|
|a технология
|
| 610 |
1 |
|
|a основное оборудование
|
| 610 |
1 |
|
|a диффузоры
|
| 610 |
1 |
|
|a учебные пособия
|
| 675 |
|
|
|a 676.16(075.8)
|z rus
|v 3
|
| 700 |
|
1 |
|a Бутко
|b Ю. Г.
|4 070
|
| 701 |
|
1 |
|a Пелевин
|b Ю. А.
|4 070
|
| 712 |
0 |
2 |
|a Ленинградский технологический институт целлюлозно-бумажной промышленности (ЛТИ ЦБП)
|c (1959-1993)
|2 stltpush
|3 (RuTPU)RU\TPU\col\16669
|
| 801 |
|
0 |
|a RU
|b RuMRKP
|c 19950704
|g psbo
|
| 801 |
|
1 |
|a RU
|b 63413507
|c 20150911
|
| 801 |
|
2 |
|a RU
|b 63413507
|c 20190708
|g RCR
|
| 942 |
|
|
|c BK
|